Kis- és középvállalkozások finanszírozási döntései
A választásom azért erre a témára esett, mert a kis-és középvállalkozások jelentős szerepet töltenek be a magyar gazdaságban, szerepvállalása a foglalkoztatottak számát illetően domináns, megközelítőleg a kétharmad részüknek biztosítanak munkahelyet. Az elmúlt években, 2020-tól kezdődően több negatí...
| Main Author: | |
|---|---|
| Format: | Manuscript |
| Language: | Hungarian |
| Online Access: | Dokumentum-elérés Dokumentum-elérés |
| LEADER | 03180nta a2200217 i 4500 | ||
|---|---|---|---|
| 001 | dolg26075 | ||
| 005 | 20260504153426.0 | ||
| 008 | 230617suuuu hu om 0|| hun d | ||
| 040 | |a PEREPO DOLGOZAT |b hun | ||
| 041 | |a hun | ||
| 100 | 1 | |a Kacsar Barnabás | |
| 245 | 1 | 0 | |a Kis- és középvállalkozások finanszírozási döntései |h [elektronikus dokumentum] / |c Barnabás Kacsar |
| 520 | 3 | |a A választásom azért erre a témára esett, mert a kis-és középvállalkozások jelentős szerepet töltenek be a magyar gazdaságban, szerepvállalása a foglalkoztatottak számát illetően domináns, megközelítőleg a kétharmad részüknek biztosítanak munkahelyet. Az elmúlt években, 2020-tól kezdődően több negatív hatás tördelte a szektor addig zavartalan működését. Kutatásomban szerettem volna választ kapni arra, hogy a vállalkozók tevékenységét, finanszírozási döntéseiket hogyan befolyásolta a Covid-19 járvány, és a jelenleg is tartó orosz-ukrán konfliktus okozta nehézségek. A szekunder kutatás közben bemutattam a kis-és középvállalkozások elméleti hátterét, ami által választ kapunk arra, hogy kik minősülnek kkv-nak, illetve milyen feltételek, határértékek átlépése esetén nem beszélhetünk KKV-ról. Részleteztem a jellemző vállalkozás alapításokat Magyarországon, ugyanis a vállalkozói tevékenység megkezdése előtt elengedhetetlen a cégforma kiválasztása, ami függ a fő tevékenységi körtől, valamint a foglalkoztatotti létszámtól. Ezen kívül ismertettem a jelentőségüket a gazdaságban, valamint a tőkeösszetételüket, finanszírozási lehetőségüket a 2020-2022. években. Primer kutatás keretében készítettem egy anonim, offline kérdőívet, amit kvantitatív módszerrel végeztem. A kérdőívem célcsoportja a kis-és középvállalkozások ügyvezetői valamennyi generációs csoportból a nagyatádi OTP Bank vonzáskörzetében. A megkérdezettek több mint fele (51,6%) működteti a vállalkozását 10 évnél régebb óta, ami a piacon betöltött stabil pozíciónak köszönhető. A kutatás egyértelmű választ adott arra, hogy napjainkban egy vállalkozás finanszírozása embert próbáló feladat lett, valamint hogy cégvezetők nem ismerik kellően az államilag támogatott növekedési lehetőségeket, mint például a Széchenyi Kártya Programot, valamint a Magyar Fejlesztési Bank kedvező hitelkonstrukcióit. Végezetül megkíséreltem javaslatokat tenni, ami kkv-k eredményesebb működését eredményezheti a jövőben. A magyar gazdaság fejlődése érdekében elengedhetetlen a kkv-szektor termelékenységének a javítása. | |
| 695 | |a fejlesztés | ||
| 695 | |a finanszírozás | ||
| 695 | |a foglalkoztatás - foglalkoztatottság | ||
| 695 | |a kis- és középvállalkozás (kkv) | ||
| 695 | |a tőkeszerkezet | ||
| 700 | 1 | |a Basics Brigitta |e ths | |
| 856 | 4 | 0 | |u https://perepo-dolgozat.uni-pannon.hu/id/eprint/26075/1/kacsar_barnab%C3%A1s_2023m%C3%A1j_publikus.pdf |z Dokumentum-elérés |
| 856 | 4 | 0 | |u https://perepo-dolgozat.uni-pannon.hu/id/eprint/26075/2/kacsar_barnab%C3%A1s_2023m%C3%A1j_publikus_nyilatkozat.pdf |z Dokumentum-elérés |